| 000 | 01386cam a2200241 c 4500 | ||
|---|---|---|---|
| 003 | OSt | ||
| 005 | 20161220150031.0 | ||
| 008 | 110620s2016 sp a | |||| 001 0 spa | ||
| 020 | _a978-1-4557-7005-2 | ||
| 040 |
_aSpMaBN _cBMC |
||
| 082 | _a612 | ||
| 100 | 1 |
_aGuyton, Arthur C. _9578 |
|
| 245 | 1 | 0 |
_aGuyton & Hall. Tratado de fisiología médica _cJohn E. Hall, Arthur C. Guyton ; [traducción y producción editorial, GEA Consultoría Editorial, S.L.] |
| 250 | _a13ª ed | ||
| 260 |
_aBarcelona _bElsevier _c2016 |
||
| 300 |
_aXXI, 1145 p. _bil. col., gráf. _c28 cm |
||
| 500 | _aIncluye referencias bibliográficas e índice | ||
| 504 | _aContiene: La célula y sus funciones.- Arritmias cardiacas.- El corazón.- Shock circulatorio y su tratamiento.- Nefropatías y diuréticos.- Eritrocitos, anemia y policitemia.- Hemostasia y coagulación sanguinea.- Regulación de la respiración.- Fisiologia de la aviación, el espacio y el buceo en profundidad.- El sistema nervioso.- | ||
| 505 | _aLos sentidos especiales.- Mecanismos encefálicos del comportamiento y la motivación: el sistema límbico y el hipotálamo.- Endocrinología y reproducción.- Hormonas corticosuprarrenales.- Insulina, glacagón y diabetes mellitus.- Fisiología fetal y neonatal.- Fisiología del deporte.- | ||
| 650 | 2 | 4 |
_9580 _aFisiología humana |
| 700 | 1 |
_aHall, John E. _9579 |
|
| 942 |
_2ddc _cBK |
||
| 999 |
_c26810 _d26810 |
||